000 00231nam a2200097Ia 4500
008 240331s9999 xx 000 0 und d
082 _bRAJ
100 _aRajathurai, S.V.
245 0 _aRussiap puradchi Illakkiya chadchiyam
942 _cL
999 _c2399
_d2399